Slávnostné udelenie čestnej hodnosti na Slovenskej vysokej škole technickej, 20. októbra 1987 Ďakovná reč profesora Petra H. Josta, CBE, DSc, D Tech

Podrobná bibliografia
Hlavný autor: Jost, Peter H. (Autor)
Médium: Článok
Jazyk:slovenčina
Fyzický popis:Obr. 1.
Predmet:

MARC

LEADER 00000nab a2200000 a 4500
001 vtls000336470
003 SK-MaSNL
005 20260302224549.0
008 150420c1988 xo 0 slo
015 |a SNBRB19rr/mm-uuuuu 
035 |a CL0336592 
040 |a SNKBUCL  |b slo  |c SNKBUCL  |e AACR2 
041 0 |a slo 
044 |a xo  |c SK 
080 |a 621.89-051  |2 1981 
080 |a 531.43  |2 1981 
080 |a 929 Jost, Peter H.  |2 1981 
100 1 |a Jost, Peter H.  |4 aut  |9 955902 
245 1 0 |a Slávnostné udelenie čestnej hodnosti na Slovenskej vysokej škole technickej, 20. októbra 1987  |b Ďakovná reč profesora Petra H. Josta, CBE, DSc, D Tech  |c Peter H. Jost 
300 |b Obr. 1. 
600 1 7 |a Jost, Peter H.  |d ?-  |x Čestný doktorát SVŠT v Bratislave - udelenie - reč ďakovná  |2 snkbucl  |9 955903 
650 0 7 |a Jost, Peter H.  |2 snkbucl  |9 955899 
655 7 |a články z novín a časopisov  |2 snkbucl  |9 267496 
773 0 |t Ropa a uhlie  |g Roč. 30, č. 6 (1988), s. 380-383 
850 |a Slovenská národná knižnica v Martine  |a MTA001 
852 |a SNK  |b KIS3GCP 
958 |a RK 
992 |a RBX 
999 |c 1524949  |d 1526879